Gelléri Andor Endre

Elmentve itt :
Bibliográfiai részletek
Szerző: Jordanova Mirella
További közreműködők: nincs megadva (Témavezető)
Dokumentumtípus: Szakdolgozat
Megjelent: 1985
Tárgyszavak:
Online Access:http://diploma.bibl.u-szeged.hu/42284
LEADER 00529nta a2200157 i 4500
001 dipl42284
005 20140619150318.0
008 140619s1985 hu om 0|| zxx d
040 |a SZTE Diploma Repozitórium  |b hun 
041 |a zxx 
100 1 |a Jordanova Mirella 
245 1 0 |a Gelléri Andor Endre  |h [elektronikus dokumentum] /  |c Mirella Jordanova 
260 |c 1985 
650 4 |a Bölcsészettudományok 
700 1 |a nincs megadva  |e ths 
856 4 0 |u http://diploma.bibl.u-szeged.hu/id/eprint/42284/1/1985_jordanova_mirella.pdf  |z Dokumentum-elérés